| 000 | 00441nam a2200157 4500 | ||
|---|---|---|---|
| 001 | 117550 | ||
| 003 | ES-MaACL | ||
| 005 | 20230906190928.0 | ||
| 007 | t| | ||
| 008 | 070214s1906 sp r ||||1| spa d | ||
| 100 | 1 |
_aPeralta Miñon, Godeardo. _990387 |
|
| 245 | 1 | 0 |
_aTratamiento de los aneurismas arteriales / _cGodeardo Peralta Miñon. |
| 260 |
_aMadrid : _b[s.n.], _c1906. |
||
| 500 | _aTesis doctoral. | ||
| 852 |
_aES-MaACL _jT-1133-F-7 |
||
| 999 |
_c117550 _d117550 |
||